000 00440nam a22001577a 4500
005 20250110094352.0
008 250110b |||||||| |||| 00| 0 eng d
020 _a0195658507
040 _cPK-LaUMT
082 _a954.0359
_bPAR-
245 _aThe partition omnibus :
_bthe origins of the partition of India 1936-1947 /
260 _aNew Dehli :
_bOxford University Press,
_c2002
300 _avar + 349 p
546 _aEng
942 _cBK
999 _c136612
_d136612